[Event "ROM-ch U14 Girls"]
[Site "Calimanesti"]
[Date "2015.04.05"]
[Round "8"]
[White "Gherghel Butan, Maria"]
[Black "Arsene, Gabriela"]
[Result "0-1"]
[WhiteElo "1580"]
[BlackElo "1266"]
[PlyCount "76"]
[EventDate "2015.03.30"]
[EventType "swiss"]
[EventRounds "9"]
[EventCountry "ROU"]
[SourceTitle "CBM 165 Extra"]
[Source "ChessBase"]
[SourceDate "2015.04.21"]
[SourceVersion "1"]
[SourceVersionDate "2015.04.21"]
[SourceQuality "1"]

1. e4 c5 2. Nc3 d6 3. Bc4 Nf6 4. Nge2 Nc6 5. d3 e6 6. Bg5 Be7 7. a3 0-0 8. 0-0 Nxe4 9. Bxe7 Nxc3 10. Bxd8 Nxd1 11. Raxd1 Rxd8 12. d4 b6 13. d5 exd5 14. Bxd5 Bb7 15. Bxc6 Bxc6 16. Rd2 Rd7 17. Rfd1 Rad8 18. b3 Kf8 19. f4 a5 20. c3 b5 21. b4 axb4 22. axb4 Ke7 23. bxc5 dxc5 24. Rxd7+ Rxd7 25. Rxd7+ Kxd7 26. g3 Kd6 27. Kf2 b4 28. cxb4 cxb4 29. Ke3 Kc5 30. Nd4 Bd5 31. f5 b3 32. Nxb3+ Bxb3 33. Kf4 Kd4 34. h4 h5 35. f6 gxf6 36. g4 hxg4 37. Kxg4 Bc2 38. Kf4 Bg6 0-1

[Event "ROM-ch U14 Girls"]
[Site "Calimanesti"]
[Date "2015.04.04"]
[Round "7"]
[White "Arsene, Gabriela"]
[Black "Minnich, Mihaela Cristiana"]
[Result "1-0"]
[WhiteElo "1266"]
[BlackElo "1135"]
[PlyCount "64"]
[EventDate "2015.03.30"]
[EventType "swiss"]
[EventRounds "9"]
[EventCountry "ROU"]
[SourceTitle "CBM 165 Extra"]
[Source "ChessBase"]
[SourceDate "2015.04.21"]
[SourceVersion "1"]
[SourceVersionDate "2015.04.21"]
[SourceQuality "1"]

1. Nf3 Nc6 2. d4 d5 3. c4 e6 4. Nc3 Nf6 5. Bg5 h6 6. Bh4 Be7 7. e3 0-0 8. Bd3 Nh7 9. Bg3 Ng5 10. Bf4 Nxf3+ 11. Qxf3 Bg5 12. Bg3 Bd7 13. cxd5 exd5 14. Nxd5 Be6 15. Qe4 g6 16. Nxc7 Rc8 17. Nxe6 fxe6 18. Qxe6+ Kh8 19. Qxg6 Qe7 20. Bd6 Qf7 21. Bxf8 Qxg6 22. Bxg6 Rxf8 23. 0-0 Ne7 24. Be4 b6 25. Rac1 a5 26. Rc2 Rb8 27. Rd1 Kg7 28. d5 Kf8 29. d6 Ng8 30. d7 b5 31. Rc8+ Rxc8 32. dxc8Q+ Kg7 1-0

[Event "ROM-ch U14 Girls"]
[Site "Calimanesti"]
[Date "2015.04.03"]
[Round "6"]
[White "Uzuneanu, Gabriela"]
[Black "Arsene, Gabriela"]
[Result "1/2-1/2"]
[WhiteElo "1394"]
[BlackElo "1266"]
[PlyCount "73"]
[EventDate "2015.03.30"]
[EventType "swiss"]
[EventRounds "9"]
[EventCountry "ROU"]
[SourceTitle "CBM 165 Extra"]
[Source "ChessBase"]
[SourceDate "2015.04.21"]
[SourceVersion "1"]
[SourceVersionDate "2015.04.21"]
[SourceQuality "1"]

1. e4 e5 2. Nf3 Nc6 3. Nc3 Bc5 4. Bc4 Nf6 5. 0-0 h6 6. d3 d6 7. h3 g5 8. Bb5 Bd7 9. Be3 Bb6 10. Bxb6 axb6 11. Nh2 Rg8 12. g4 h5 13. f3 Rh8 14. Kg2 Qe7 15. Qd2 Nd4 16. Bxd7+ Nxd7 17. Nd5 Qd8 18. c3 Ne6 19. gxh5 Rxh5 20. Ng4 c6 21. Nde3 Nf4+ 22. Kf2 Nxh3+ 23. Kg3 Ke7 24. Nf5+ Kf8 25. Nxd6 Qe7 26. Nf5 Qe6 27. a3 Nf4 28. Rh1 Nc5 29. Qe3 Ncxd3 30. Qxb6 Qc4 31. Qxb7 Ne2+ 32. Kg2 Ndf4+ 33. Kf2 Nd3+ 34. Kg2 Nef4+ 35. Kg3 Ne2+ 36. Kg2 Ndf4+ 37. Kf2 1/2-1/2

[Event "ROM-ch U14 Girls"]
[Site "Calimanesti"]
[Date "2015.03.31"]
[Round "2"]
[White "Secrieru, Maria Georgiana"]
[Black "Arsene, Gabriela"]
[Result "0-1"]
[WhiteElo "1433"]
[BlackElo "1266"]
[PlyCount "58"]
[EventDate "2015.03.30"]
[EventType "swiss"]
[EventRounds "9"]
[EventCountry "ROU"]
[SourceTitle "CBM 165 Extra"]
[Source "ChessBase"]
[SourceDate "2015.04.21"]
[SourceVersion "1"]
[SourceVersionDate "2015.04.21"]
[SourceQuality "1"]

1. e4 d5 2. exd5 Qxd5 3. Nc3 Qa5 4. Nf3 Bf5 5. Bc4 e6 6. d3 c6 7. Bd2 Qc7 8. Qe2 Nf6 9. 0-0 Bd6 10. h3 Nbd7 11. a3 0-0-0 12. b4 Rhg8 13. Ne4 Be7 14. Nfg5 h6 15. Nf3 g5 16. Nh2 Ne5 17. f3 h5 18. Nxg5 Bd6 19. f4 Nxc4 20. dxc4 h4 21. c5 Be7 22. Rac1 Nh5 23. Qxh5 Rxd2 24. Qxh4 e5 25. g3 Qd7 26. Ng4 Qd4+ 27. Kh1 Qd5+ 28. Rf3 Be4 29. Nh2 Bxg5 0-1

[Event "ROM-ch U14 Girls"]
[Site "Calimanesti"]
[Date "2015.03.30"]
[Round "1"]
[White "Arsene, Gabriela"]
[Black "Paraschiv, Petronela Alexandra"]
[Result "0-1"]
[WhiteElo "1266"]
[BlackElo "1569"]
[PlyCount "118"]
[EventDate "2015.03.30"]
[EventType "swiss"]
[EventRounds "9"]
[EventCountry "ROU"]
[SourceTitle "CBM 165 Extra"]
[Source "ChessBase"]
[SourceDate "2015.04.21"]
[SourceVersion "1"]
[SourceVersionDate "2015.04.21"]
[SourceQuality "1"]

1. d4 Nf6 2. c4 e6 3. Nc3 Bb4 4. Qb3 Bxc3+ 5. Qxc3 Ne4 6. Qc2 f5 7. Nf3 b6 8. e3 0-0 9. Bd3 Bb7 10. b3 d6 11. Bb2 Nd7 12. 0-0-0 c5 13. h3 a6 14. Kb1 Bc6 15. Rhg1 d5 16. Nh2 Qc7 17. Nf3 b5 18. cxb5 Bxb5 19. dxc5 Bxd3 20. Rxd3 Ndxc5 21. Nd4 Rfc8 22. Rdd1 Qf7 23. f3 Na4 24. Nc6 Nxb2 25. Kxb2 Qf6+ 26. Kb1 Nc3+ 27. Kc1 Nxd1 28. Rxd1 e5 29. Kb1 Rxc6 30. Qd3 Qe6 31. Re1 Rac8 32. Qd2 Rc3 33. g4 fxg4 34. fxg4 Qg6+ 35. Ka1 Qd3 36. Qb2 Qc2 37. Re2 Qxb2+ 38. Kxb2 Rd3 39. e4 d4 40. h4 Re3 41. Rd2 Rxe4 42. Rg2 Rf4 43. Re2 e4 44. Rd2 d3 45. g5 Rxh4 46. g6 hxg6 47. Ka3 Rc2 48. Rd1 d2 49. Rg1 Rc1 50. Rxg6 d1Q 51. Rxa6 Rc8 52. Ra5 Qc1+ 53. Ka4 e3+ 54. b4 Qc2+ 55. Kb5 Qc4+ 56. Kb6 Qxb4+ 57. Rb5 Rh6+ 58. Ka7 Qxb5 59. a4 Qa5+ 0-1

[Event "ROM-ch U12 Girls"]
[Site "Calimanesti"]
[Date "2014.04.09"]
[Round "5"]
[White "Lazar, Irina Maria"]
[Black "Arsene, Gabriela"]
[Result "0-1"]
[WhiteElo "1022"]
[BlackElo "1157"]
[PlyCount "34"]
[EventDate "2014.04.06"]
[EventType "swiss"]
[EventRounds "9"]
[EventCountry "ROU"]
[SourceTitle "CBM 160 Extra"]
[Source "ChessBase"]
[SourceDate "2014.07.01"]
[SourceVersion "1"]
[SourceVersionDate "2014.07.01"]
[SourceQuality "1"]

1. e4 e5 2. b3 Nc6 3. Bb2 Bc5 4. Nf3 Nf6 5. Qe2 d6 6. Nc3 0-0 7. 0-0-0 d5 8. Kb1 Be6 9. h3 Qe7 10. Nh2 Nd4 11. Qd3 dxe4 12. Nxe4 Rad8 13. Qc3 Nxe4 14. Qa5 Nc6 15. Qb5 Rxd2 16. Rxd2 Nxd2+ 17. Kc1 Nxf1 0-1

[Event "ROM-ch U12 Girls"]
[Site "Calimanesti"]
[Date "2013.04.08"]
[Round "9"]
[White "Panainte, Andreea Bianca"]
[Black "Arsene, Gabriela"]
[Result "1-0"]
[WhiteElo "1450"]
[BlackElo "1122"]
[PlyCount "145"]
[EventDate "2013.04.02"]
[EventType "swiss"]
[EventRounds "9"]
[EventCountry "ROU"]
[SourceTitle "CBM 153 Extra"]
[Source "ChessBase"]
[SourceDate "2013.04.22"]
[SourceVersion "1"]
[SourceVersionDate "2013.04.22"]
[SourceQuality "1"]

1. e4 c5 2. c4 d6 3. Nc3 g6 4. g3 Bg7 5. Bg2 Nf6 6. Nge2 Nc6 7. 0-0 0-0 8. d3 Bd7 9. f4 Qc7 10. h3 Qc8 11. Kh2 Re8 12. g4 e5 13. f5 Qc7 14. g5 Nh5 15. f6 Bf8 16. Bf3 Qc8 17. Ng1 Nf4 18. Bxf4 exf4 19. h4 Nd4 20. Be2 d5 21. Nxd5 Bd6 22. Kg2 Nxe2 23. Qxe2 Bg4 24. Qd2 f3+ 25. Kf2 Bh3 26. Nxh3 Qxh3 27. Rh1 Qg3+ 28. Ke3 f2+ 29. Ke2 Qg2 30. Raf1 Qg4+ 31. Kxf2 Qg3+ 32. Ke2 Qg4+ 33. Ke3 Be5 34. Qc2 Bd4+ 35. Kd2 Qg2+ 36. Kc1 Qxc2+ 37. Kxc2 Rab8 38. Rb1 Red8 39. a3 a5 40. Rh3 b5 41. Ne7+ Kf8 42. Nc6 bxc4 43. Nxb8 cxd3+ 44. Rxd3 Rxb8 45. Rb3 Re8 46. Rb5 Rxe4 47. Rxa5 Ke8 48. Ra8+ Kd7 49. b4 Rxh4 50. bxc5 Bxc5 51. Rb7+ Ke6 52. Ra6+ Kf5 53. Rb5 Rc4+ 54. Kb3 Rc1 55. Raa5 Kxg5 56. Rxc5+ Rxc5 57. Rxc5+ Kxf6 58. a4 h5 59. a5 h4 60. a6 h3 61. a7 h2 62. a8Q h1Q 63. Qxh1 Kg7 64. Rc7 Kf6 65. Qf3+ Ke5 66. Rxf7 g5 67. Qe3+ Kd6 68. Rf1 g4 69. Rd1+ Kc6 70. Qc3+ Kb6 71. Rb1 g3 72. Kc2+ Ka6 73. Qa3# 1-0